| 000 | 00427nam a2200133Ia 4500 | ||
|---|---|---|---|
| 008 | 210716s2005 xx 000 0 und d | ||
| 041 | _aeng | ||
| 082 | _a658.81 LINA | ||
| 100 | _aLindgreen, Adam. | ||
| 245 |
_aRelationship Marketing; design, implementation and monitoring. _bDesign, implementation and monitoring. |
||
| 260 |
_aHyderabad _bICFAI University Press _c2005 |
||
| 300 | _aiii,229 | ||
| 650 | _aMarketing Management | ||
| 999 |
_c202410 _d202410 |
||